书目信息 |
| 题名: |
电子技术基础
|
|
| 作者: | 林存良 主编 | |
| 分册: | ||
| 出版信息: | 北京 人民教育出版社 1978 |
|
| 页数: | 339页 | |
| 开本: | 26cm | |
| 丛书名: | ||
| 单 册: | ||
| 中图分类: | TN01 , TN1 | |
| 科图分类: | ||
| 主题词: | 电子技术--专业学校x教材 , 真空电子技术 | |
| 电子资源: | ||
| ISBN: | ||
| 000 | 00702nam0 2200265 45 | |
| 001 | 0178001816 | |
| 005 | 20040520151231.8 | |
| 010 | @dCNY1.80 | |
| 091 | @a15012.098 | |
| 100 | @a19950728d1978 em y0chiy0121 ea | |
| 101 | 0 | @achi |
| 102 | @aCN@b110000 | |
| 105 | @ay z 000yy | |
| 106 | @ar | |
| 200 | 10 | @a电子技术基础@Adian zi ji shu ji chu@f林存良主编 |
| 210 | @a北京@c人民教育出版社@d1978 | |
| 215 | @a339页@d26cm | |
| 300 | @a中等专业学校试用教材 工业电气自动化专业适用 | |
| 606 | @a电子技术@x专业学校x教材 | |
| 606 | 0 | @a真空电子技术 |
| 690 | @aTN01@v3 | |
| 690 | @aTN1 | |
| 701 | 0 | @a林存良@Alin cun liang@4主编 |
| 801 | 0 | @aCN@bNLC@c20040520 |
| 905 | @f2@b74146-147@dTN1@e20 | |
| 电子技术基础/林存良主编.-北京:人民教育出版社,1978 |
| 339页;26cm |
| 中等专业学校试用教材 工业电气自动化专业适用 |
| ISBN :CNY1.80 |
| ● |
| 相关链接 |
|
|
|
|
正题名:电子技术基础
索取号:TN1/20
 
预约/预借
| 序号 | 登录号 | 条形码 | 馆藏地/架位号 | 状态 | 备注 |
| 1 | 0074146 | 001348642 | 密集书库/ [索取号:TN1/20] | 在馆 | |
| 2 | 0074147 | 001348688 | 第三借阅区/ [索取号:TN1/20] | 在馆 | |
| 3 | 0074148 | 001349721 | 第二样本阅览室/ [索取号:TN1/20] | 在馆 |